Clubs ayant gagné une Coupe d'Europe de Football A-Z - Statistiques

Statistiques générales
  • Ce quiz a été pris 141 fois
  • Le résultat moyen est 14 sur 21
Statistiques - réponses
Lettre Club % Correct
A ACF Fiorentina | Ajax Amsterdam | Antwerp| Arsenal | AS Monaco| AS Rome| Aston Villa| Atalanta | Atlético | Austria Vienne
97%
B Bayer Leverkusen| Bayern Munich| Benfica | Borussia Dortmund| Borussia | Barca | Barcelone
97%
C Celtic | Chakhtar Donetsk| Chelsea | CSKA Moscou
94%
M Manchester City| Manchester United| Milan AC| MTK Budapest|Monaco
86%
P Paris Saint-Germain| | PSV
84%
D Dinamo Tbilissi| Dynamo Kiev| Dynamo Moscou| Dortmund
79%
R Rapid Vienne| RCD Majorque| Real Madrid| Real Saragosse| RSC Anderlecht
78%
L Lazio | Leeds| Liverpool | Lokomotiv | Leipzig
75%
J Juventus
70%
O Olympiakós| Olympique de Marseille
69%
I IFK Göteborg| Inter Milan| Ipswich Town
67%
F Fiorentina | FC Barcelone| FC Carl Zeiss Iéna| FC Magdebourg| FC Malines| FC Porto| Ferencváros| Feyenoord Rotterdam| Fortuna Düsseldorf
64%
S Sampdoria| Schalke 04| Séville| Slovan Bratislava| Sporting | SSC Naples| Standard de Liège| Steaua Bucarest| Stuttgart
63%
N Nottingham Forest | Naples
61%
E Eintracht Francfort| Étoile rouge | Everton
59%
G Galatasaray| Glasgow | Górnik Zabrze
54%
T Tottenham | TSV Munich
44%
H Hambourg
43%
V Valence | VfB Stuttgart| Villarreal
39%
W Werder | West Ham
33%
Z Zénith Saint-Pétersbourg
26%
Aucun quiz correspondant
Distribution des résultats
% des personnes avec chaque résultat
Percentile par nombre de réponses
Votre historique - résultats
Vous n’avez pas pris ce quiz